Miary zróżnicowania i asymetrii - Statystyki

Ogólne statystyki
  • Ten quiz został rozwiązany 26 razy
  • Średni wynik to 6 z 8
Statystyki odpowiedzi
Podpowiedź Odpowiedź % Poprawnych
Asymetria która występuje gdy więcej jednostek badania posiada wartości cechy niższe niż średnia Asymetria prawostronna (dodatnia)
100%
Co jaką wartość zmienia się siła asymetrii rozkładu? 0,4
80%
Do której potęgi podnosi się różnicę poszczególnych wartości i średniej arytmetycznej 3
80%
Z jakiego przedziału wartości przyjmuje współczynnik skośności Pearsona <-1;1>
80%
Szereg, w którym liczebności rozkładają się w sposób identyczny po obu stronach dominanty Szereg symetryczny
80%
Z jakiego przedziału wartości przyjmuje klasyczny współczynnik asymetrii <-2;2>
60%
Strona po której jest peak/szczyt wykresu którego cechą jest asymetria lewostronna (ujemna) Prawa
60%
Różnica między średnią arytmetyczną a dominantą Wskaźnik asymetrii
60%
Nie znaleziono quizów pasujących do podanych kryteriów
Rozkład punktacji
Procent ludzi z każdym wynikiem
Percentyl według liczby udzielonych odpowiedzi
Twoja historia wyników
Nie rozwiązałeś tego quizu